Central Library OPAC University of Rajshahi

Troilus and Criseyde / (Record no. 21273)

MARC details
000 -LEADER
fixed length control field 00823nam a2200253 i 4500
001 - CONTROL NUMBER
control field 21273
003 - CONTROL NUMBER IDENTIFIER
rucl marc code BD-RjUL
005 - DATE AND TIME OF LATEST TRANSACTION
control field 20211209000652.0
008 - FIXED-LENGTH DATA ELEMENTS--GENERAL INFORMATION
fixed length control field 140304r19881953enk 00001 eng d
020 ## - INTERNATIONAL STANDARD BOOK NUMBER
Canceled/invalid ISBN 046009923
035 ## - SYSTEM CONTROL NUMBER
System control number (BD-RjUL)21337
040 ## - CATALOGING SOURCE
Original cataloging agency NNCU
Language of cataloging eng
Transcribing agency NNCU
Modifying agency BD-RjUL
041 0# - LANGUAGE CODE
Language code of text/sound track or separate title engenm
082 0# - DEWEY DECIMAL CLASSIFICATION NUMBER
Classification number 821.1
Edition number 21
Author mark and year CHT 1988
100 1# - MAIN ENTRY--PERSONAL NAME
Personal name Chaucer, Geoffrey,
Dates associated with a name -1400.
9 (RLIN) 65771
245 10 - TITLE STATEMENT
Title Troilus and Criseyde /
Statement of responsibility, etc. Geoffrey Chaucer ; edited by John Warrington.
260 ## - PUBLICATION, DISTRIBUTION, ETC. (IMPRINT)
Place of publication, distribution, etc. London :
Name of publisher, distributor, etc. J.M. Dent ;
Place of publication, distribution, etc. New York :
Name of publisher, distributor, etc. E.P. Dutton,
Date of publication, distribution, etc. 1953 [reissued 1988].
300 ## - PHYSICAL DESCRIPTION
Pagination xv, 337 p. ;
Size 18 cm.
504 ## - BIBLIOGRAPHY, ETC. NOTE
Bibliography, etc Bibliography: p. viii.
650 #0 - SUBJECT ADDED ENTRY--TOPICAL TERM
Topical term or geographic name as entry element Troilus (Legendary character)
Form subdivision Poetry.
9 (RLIN) 55644
700 1# - ADDED ENTRY--PERSONAL NAME
Personal name Warrington, John.
942 ## - ADDED ENTRY ELEMENTS (KOHA)
Source of classification or shelving scheme Dewey Decimal Classification
Koha item type Books
Holdings
Lost status Source of classification or shelving scheme Damaged status Not for loan Collection code Permanent Location Current Location Shelving location Date acquired Source of acquisition Total Checkouts Full call number Date last seen Copy number Koha item type
  Dewey Decimal Classification     Fiction Central Library, University of Rajshahi Central Library, University of Rajshahi   22/05/1995 British council, Rajshahi   821.1 CHT 1988 04/03/2014 C-2 Books